书目信息 |
| 题名: |
古建筑测绘
|
|
| 作者: | 张玉 , 博俊杰 主编 | |
| 分册: | ||
| 出版信息: | 北京 中国建材工业出版社 2024 |
|
| 页数: | 127页 | |
| 开本: | 26cm | |
| 丛书名: | 中国古建筑营造技术丛书 | |
| 单 册: | ||
| 中图分类: | TU198 | |
| 科图分类: | ||
| 主题词: | 古建筑--建筑测量--中国 | |
| 电子资源: | ||
| ISBN: | 978-7-5160-1503-2 | |
| 000 | 01047nam 2200265 450 | |
| 001 | 012024000378 | |
| 005 | 20240924225236.0 | |
| 010 | @a978-7-5160-1503-2@dCNY50.00 | |
| 100 | @a20240924d2024 em y0chiy50 ea | |
| 101 | 0 | @achi |
| 102 | @aCN@b110000 | |
| 105 | @aa z 000yy | |
| 106 | @ar | |
| 200 | 1 | @a古建筑测绘@Agu jian zhu ce hui@f张玉,博俊杰主编 |
| 210 | @a北京@c中国建材工业出版社@d2024 | |
| 215 | @a127页@c图@d26cm | |
| 225 | 2 | @a中国古建筑营造技术丛书 |
| 330 | @a本书根据工程实践中古建筑测绘工作开展的步骤和要求进行编写,内容包括古建筑测绘简史及基本知识、现场踏勘及准备、测绘方法及步骤、建筑现存情况勘察、内业工作整理、新设备新方法的运用,收录了大量的北方建筑实例,结合实景照片、测绘图及标记进行讲解,使初学者印象深刻,少走弯路。 | |
| 410 | 0 | @12001 @a中国古建筑营造技术丛书 |
| 606 | 0 | @a古建筑@x建筑测量@y中国 |
| 690 | @aTU198@v5 | |
| 701 | 0 | @a张玉@Azhang yu@4主编 |
| 701 | 0 | @a博俊杰@Abo jun jie@4主编 |
| 801 | 0 | @aCN@bAHXH@c20240924 |
| 905 | @b214144335@b214144344@b214144353@b214144362@b214144371@dTU198@e2182@f5 | |
| 古建筑测绘/张玉,博俊杰主编.-北京:中国建材工业出版社,2024 |
| 127页:图;26cm.-(中国古建筑营造技术丛书) |
| ISBN 978-7-5160-1503-2:CNY50.00 |
| 本书根据工程实践中古建筑测绘工作开展的步骤和要求进行编写,内容包括古建筑测绘简史及基本知识、现场踏勘及准备、测绘方法及步骤、建筑现存情况勘察、内业工作整理、新设备新方法的运用,收录了大量的北方建筑实例,结合实景照片、测绘图及标记进行讲解,使初学者印象深刻,少走弯路。 |
| ● |
| 相关链接 |
|
|
|
|
正题名:古建筑测绘
索取号:TU198/2182
 
预约/预借
| 序号 | 登录号 | 条形码 | 馆藏地/架位号 | 状态 | 备注 |
| 1 | 1414433 | 214144335 | 第二样本阅览室/ [索取号:TU198/2182] | 在馆 | |
| 2 | 1414434 | 214144344 | 第三借阅区/ [索取号:TU198/2182] | 在馆 | |
| 3 | 1414435 | 214144353 | 第三借阅区/ [索取号:TU198/2182] | 在馆 | |
| 4 | 1414436 | 214144362 | 第三借阅区/ [索取号:TU198/2182] | 在馆 | |
| 5 | 1414437 | 214144371 | 第三借阅区/ [索取号:TU198/2182] | 在馆 |